Word Ladder: Science Fiction Author Quiz Stats

Quiz Updated Jul 8, 2015

Challenge
Share
Tweet
Embed
Score 0/14 Timer 01:30
1 Play Today
Hint 4-Letter Word % Correct
LoatheHATE
95%
Group of antelopes or assesHERD
90.8%
Epically fail on the barbecueBURN
90.7%
Lima, for oneBEAN
89.7%
Like a diamond, compared to talcHARD
89.3%
____-brained (idiotic)HARE
87.4%
___ the hatchet or a dog's bone• BURY •
86.2%
Hint 4-Letter Word % Correct
Swiss home of their BundeshausBERN
85%
Unit of sweatBEAD
82.7%
One of the 4 HsHEAD
79.3%
Distance / TimeRATE
71.3%
Outer layer of grainBRAN
61.5%
Elliptical nail• BRAD •
60.7%
Country singer Collin or actress Martha• RAYE •
46.9%

Today's Daily Dose

You're not logged in!

Compare scores with friends on all Sporcle quizzes.
Sign Up with Email
OR
Log In

You Might Also Like...

Show Comments

Extras

Top Quizzes Today


Score Distribution

Your Account Isn't Verified!

In order to create a playlist on Sporcle, you need to verify the email address you used during registration. Go to your Sporcle Settings to finish the process.